| 000 | 01587cam a2200421Ia 4500 | ||
|---|---|---|---|
| 001 | 1038533068 | ||
| 003 | OCoLC | ||
| 005 | 20241110182953.0 | ||
| 006 | m o d | ||
| 007 | cr |n||||||||| | ||
| 008 | 180604s2018 nyua fo 000 0 eng d | ||
| 020 | _a9781260026177 | ||
| 020 |
_z1260026175 _a1260026175 |
||
| 035 | _a(OCoLC)1038533068 | ||
| 040 |
_aINM _beng _epn _cINM _dOCLCO _dUIU _dVTM _dYYE |
||
| 049 |
_aYYEA _aVZYM |
||
| 080 |
_a616-018 _bM-60 |
||
| 096 | _aQS 504 J955b 2018 | ||
| 100 | 1 | _aMescher, Anthony L. | |
| 245 | 1 | 0 |
_aJunqueira's basic histology : _btext and atlas / _cAnthony L. Mescher. |
| 246 | 3 | 0 | _aBasic histology. |
| 250 | _a15th ed. | ||
| 260 |
_a[New York] : _bMcGraw-Hill Education, _c2018. |
||
| 300 |
_a562 p. _billustrations (chiefly color) |
||
| 365 | _b53.81 usd | ||
| 500 | _aPreceded by: Junqueira's basic histology / Anthony L. Mescher. Thirteenth edition, 2016. | ||
| 500 | _aEINSTEIN & MMC: available online via AccessMedicine. See Reference staff for assistance. | ||
| 588 | 0 | _aOnline version; title from online title page (AccessMedicine website, viewed June 4, 2018). | |
| 590 | _ac.1 10072056 Ritt 7/30/2018 $75.00. | ||
| 650 | 2 |
_aHistology _vAtlases. |
|
| 650 | 0 |
_aMedicine _969 |
|
| 653 | _aჰისტოლოგია | ||
| 653 | _aმედიცინა | ||
| 700 | 1 |
_aJunqueira, Luiz Carlos Uchôa, _d1920- _tHistologia básica. _lEnglish. |
|
| 710 | 2 | _aMcGraw-Hill Companies. | |
| 776 | 0 | 8 |
_iPrint version: _aMescher, Anthony L. _sHistologia básica. English. _tJunqueira's basic histology. |
| 942 |
_2udc _cBK _e15 |
||
| 999 |
_c33 _d33 |
||